00716nam a2200241 a 4500001001300000003000900013005001700022008004100039020001000080082001500090100001700105245005000122260003700172300001000209500003500219505002000254650003800274700001700312902000800329942000700337952011500344999001500459nice12345678IN_TiNIC20260116011512.0050524s1954 biha grp 000 0 urd  ac10000a297.8bNAQ aNaqwi, Baqir aDin-E-Haqb Urdu Translation of Al-Muraja`at. aBiharbMudeer Islah Khujwac1954 a416p. aincludes index and biblioraphy2 aNoor Aur Sachai aIslam-Sects-Conflicts-Sunni-Shiah1 aNaqwi, Baqir bSRS cBK 001040708StackRoom-aHMIbHMId2007-07-13g100.00l0o297.8 NAQp03952r2007-07-13v100.00w2005-05-24yBK c2101d2101